[Event "SVK-chT1E 2223"]
[Site "Slovakia"]
[Date "2022.10.16"]
[Round "2.7"]
[White "Hotak, Marian"]
[Black "Tropp, Frantisek"]
[Result "0-1"]
[WhiteElo "1980"]
[BlackElo "2087"]
[PlyCount "58"]
[EventDate "2022.10.15"]
[EventType "team-tourn"]
[EventRounds "11"]
[EventCountry "SVK"]
[SourceTitle "EXT 2024"]
[Source "ChessBase"]
[SourceDate "2023.10.10"]
[SourceVersion "1"]
[SourceVersionDate "2023.10.10"]
[SourceQuality "1"]
[WhiteTeam "Kosice Slavia UPJS"]
[BlackTeam "Liptov Chess School II"]
[WhiteTeamCountry "SVK"]
[BlackTeamCountry "SVK"]

1. g3 d5 2. Bg2 c6 3. Nf3 Nf6 4. 0-0 Bf5 5. d3 Nbd7 6. b3 e5 7. c4 Bd6 8. e4 Bg4 9. exd5 cxd5 10. h3 Be6 11. Re1 0-0 12. Bb2 d4 13. Ng5 Bf5 14. Bxb7 Nc5 15. Be4 Nfxe4 16. Nxe4 Nxe4 17. dxe4 Bxh3 18. Nd2 Bb4 19. a3 Bxd2 20. Qxd2 f5 21. Qe2 Qg5 22. Bc1 f4 23. Qf3 Qg6 24. b4 Rf6 25. Ra2 Raf8 26. Rc2 fxg3 27. Qxg3 Qh5 28. Bg5 Rg6 29. f4 exf4 0-1

[Event "SVK-chT2C 2122"]
[Site "Slovakia"]
[Date "2022.03.05"]
[Round "5.3"]
[White "Madar, Martin"]
[Black "Tropp, Frantisek"]
[Result "0-1"]
[WhiteElo "2067"]
[BlackElo "2079"]
[PlyCount "68"]
[EventDate "2021.10.16"]
[EventType "team-tourn"]
[EventRounds "11"]
[EventCountry "SVK"]
[SourceTitle "EXT 2023"]
[Source "ChessBase"]
[SourceDate "2022.10.05"]
[SourceVersion "1"]
[SourceVersionDate "2022.10.05"]
[SourceQuality "1"]
[WhiteTeam "Ondrasova Krivan"]
[BlackTeam "Liptov Chess School III"]
[WhiteTeamCountry "SVK"]
[BlackTeamCountry "SVK"]

1. e4 e5 2. Nf3 Nc6 3. Bc4 Nf6 4. d3 Be7 5. 0-0 d6 6. c3 0-0 7. Bb3 Be6 8. Bc2 d5 9. Qe2 dxe4 10. dxe4 h6 11. b4 Bd6 12. h3 Qe7 13. Nbd2 Nh5 14. Nc4 Qf6 15. Nfxe5 Nxe5 16. Nxe5 Qxe5 17. Qe3 Bxb4 18. cxb4 Qxa1 19. e5 Qxa2 20. Bd1 g6 21. Bxh5 gxh5 22. Qg3+ Kh8 23. Qf4 Qc2 24. Qxh6+ Kg8 25. Qxh5 Qg6 26. Qh4 f6 27. Re1 Bd5 28. g3 Rae8 29. Bb2 fxe5 30. Rc1 c6 31. f4 Rxf4 32. g4 Qf6 33. Qe1 Rf3 34. Rc3 Rxc3 0-1

[Event "SVK-ch rapid"]
[Site "Topolcany"]
[Date "2020.07.11"]
[Round "4"]
[White "Tropp, Frantisek"]
[Black "Fabik, Tomas"]
[Result "1-0"]
[WhiteElo "2091"]
[BlackElo "1890"]
[PlyCount "67"]
[EventDate "2020.07.11"]
[EventType "swiss (rapid)"]
[EventRounds "9"]
[EventCountry "SVK"]
[SourceTitle "CBM 197 Extra"]
[Source "ChessBase"]
[SourceDate "2020.09.30"]
[SourceVersion "1"]
[SourceVersionDate "2020.09.30"]
[SourceQuality "1"]

1. e4 Nf6 2. d3 d6 3. Nf3 g6 4. Be2 Bg7 5. c3 0-0 6. 0-0 Nbd7 7. h3 c5 8. Re1 a6 9. a4 Rb8 10. Bf1 b5 11. axb5 axb5 12. d4 Bb7 13. d5 Bc8 14. Na3 b4 15. Nc4 bxc3 16. bxc3 Ne8 17. Ra3 Nc7 18. Na5 Nb5 19. Nc6 Qc7 20. Bxb5 Rxb5 21. Ra7 Rb7 22. Nxe7+ Kh8 23. Nxc8 Rxa7 24. Nxa7 Qxa7 25. c4 Ne5 26. Nxe5 Bxe5 27. Bh6 Ra8 28. f4 Bd4+ 29. Kh1 Qa2 30. Qe2 Qb3 31. e5 Re8 32. e6 f6 33. e7 Qb8 34. Qe6 1-0

[Event "SVK-ch rapid"]
[Site "Topolcany"]
[Date "2020.07.11"]
[Round "2"]
[White "Tropp, Frantisek"]
[Black "Pirvulescu, Adrian"]
[Result "1-0"]
[WhiteElo "2091"]
[BlackElo "1872"]
[PlyCount "67"]
[EventDate "2020.07.11"]
[EventType "swiss (rapid)"]
[EventRounds "9"]
[EventCountry "SVK"]
[SourceTitle "CBM 197 Extra"]
[Source "ChessBase"]
[SourceDate "2020.09.30"]
[SourceVersion "1"]
[SourceVersionDate "2020.09.30"]
[SourceQuality "1"]

1. e4 c5 2. c3 g6 3. d4 cxd4 4. cxd4 d5 5. exd5 Nf6 6. Nc3 Nxd5 7. Bc4 Nb6 8. Bb3 Nc6 9. d5 Na5 10. Qd4 Nxb3 11. axb3 f6 12. Be3 Bg7 13. Nge2 0-0 14. 0-0 Bd7 15. Rfd1 Be8 16. Qb4 Bf7 17. Nf4 Qd6 18. Qxd6 exd6 19. Nb5 g5 20. Nxa7 gxf4 21. Bxb6 f5 22. Rab1 Rfe8 23. Kf1 Re5 24. Nb5 Bxd5 25. Nc7 Bxb3 26. Nxa8 Bxd1 27. Rxd1 Rb5 28. Rxd6 Rxb2 29. Nc7 Be5 30. Re6 Bc3 31. f3 Rb1+ 32. Ke2 Rxb6 33. Rxb6 Ba5 34. Rxb7 1-0

[Event "SVK-ch rapid"]
[Site "Topolcany"]
[Date "2020.07.11"]
[Round "7"]
[White "Tropp, Frantisek"]
[Black "Pniaczek, Marek"]
[Result "0-1"]
[WhiteElo "2091"]
[BlackElo "1893"]
[PlyCount "70"]
[EventDate "2020.07.11"]
[EventType "swiss (rapid)"]
[EventRounds "9"]
[EventCountry "SVK"]
[SourceTitle "CBM 197 Extra"]
[Source "ChessBase"]
[SourceDate "2020.09.30"]
[SourceVersion "1"]
[SourceVersionDate "2020.09.30"]
[SourceQuality "1"]

1. e4 c5 2. c3 Nf6 3. Bd3 d5 4. e5 Nfd7 5. e6 Nf6 6. exf7+ Kxf7 7. Nf3 Nc6 8. Ng5+ Kg8 9. 0-0 h6 10. Nf3 e5 11. Be2 e4 12. Ne1 Bd6 13. d3 Be6 14. dxe4 Nxe4 15. Na3 Qf6 16. Nb5 Bb8 17. Nf3 a6 18. Na3 Bc7 19. Nc2 Rd8 20. Be3 Kh7 21. Bd3 Bf5 22. Qc1 Ne5 23. Nxe5 Qxe5 24. g3 Rhf8 25. Bf4 Qe7 26. Bxc7 Qxc7 27. Bxe4 Bxe4 28. f4 d4 29. Ne1 d3 30. Qd2 Rfe8 31. Rd1 c4 32. Ng2 Bxg2 33. Qxg2 Re2 34. Rf2 Qb6 35. Rdf1 d2 0-1

[Event "SVK-chT1E 1920"]
[Site "Slovakia"]
[Date "2020.02.23"]
[Round "9.5"]
[White "Tropp, Frantisek"]
[Black "Panko, Radoslav"]
[Result "1/2-1/2"]
[WhiteElo "2023"]
[BlackElo "2022"]
[PlyCount "174"]
[EventDate "2019.10.12"]
[EventType "team-tourn"]
[EventRounds "11"]
[EventCountry "SVK"]
[SourceTitle "CBM 195 Extra"]
[Source "ChessBase"]
[SourceDate "2020.05.31"]
[SourceVersion "1"]
[SourceVersionDate "2020.05.31"]
[SourceQuality "1"]
[WhiteTeam "Liptov Chess School II"]
[BlackTeam "Bardejov"]
[WhiteTeamCountry "SVK"]
[BlackTeamCountry "SVK"]

1. e4 e6 2. d4 d5 3. e5 c5 4. c3 Nc6 5. Nf3 Bd7 6. Be2 Nge7 7. 0-0 Nf5 8. dxc5 Bxc5 9. Bd3 Nh4 10. Nbd2 Ng6 11. Nb3 Bb6 12. Re1 Qc7 13. Qe2 0-0-0 14. Nbd4 Na5 15. Bg5 Rde8 16. b3 Kb8 17. Rac1 h6 18. Bd2 Rc8 19. Bxg6 fxg6 20. Qd3 g5 21. Qg6 g4 22. Qxg4 g5 23. Qh5 Be8 24. Qh3 g4 25. Qxg4 Bf7 26. Nb5 Qc5 27. Nfd4 Qe7 28. Nd6 Rcg8 29. Qh3 Rg6 30. Nxf7 Qxf7 31. Re3 Rhg8 32. Rg3 Nc6 33. Rxg6 Rxg6 34. Nxc6+ bxc6 35. Be3 c5 36. Rd1 h5 37. f4 Rg4 38. Qf3 Qf5 39. h3 Rg8 40. b4 cxb4 41. Bxb6 axb6 42. cxb4 Qc2 43. Rf1 Qxa2 44. Qf2 Qxf2+ 45. Kxf2 Rc8 46. g4 Rc4 47. Kg3 hxg4 48. hxg4 Kc7 49. f5 exf5 50. gxf5 Kd7 51. Rd1 Ke7 52. Rxd5 Rxb4 53. Rd6 Re4 54. Re6+ Kf7 55. Kf3 Re1 56. Kf4 Rf1+ 57. Ke4 Re1+ 58. Kd4 Rf1 59. Rf6+ Ke7 60. Kc4 Re1 61. Re6+ Kd7 62. Rd6+ Ke7 63. f6+ Kf7 64. Rd7+ Kf8 65. Kd5 Rc1 66. Rb7 Rc5+ 67. Kd6 Rc8 68. Rxb6 Rc1 69. Ke6 Rc8 70. Kd7 Ra8 71. Rc6 Kf7 72. Rc7 Ra1 73. Kd6+ Ke8 74. f7+ Kf8 75. Ke6 Ra6+ 76. Kf5 Rf6+ 77. Ke4 Rxf7 78. Rc8+ Ke7 79. Kd5 Rf1 80. Rc7+ Kd8 81. Rh7 Ra1 82. Ke6 Ra6+ 83. Kf5 Ke8 84. Rh8+ Ke7 85. Rb8 Rh6 86. Rb7+ Ke8 87. e6 Rh1 1/2-1/2

[Event "SVK-chT2D 1920"]
[Site "Slovakia"]
[Date "2019.12.15"]
[Round "6.5"]
[White "Tropp, Frantisek"]
[Black "Pacholsky, Radovan"]
[Result "1/2-1/2"]
[WhiteElo "2016"]
[BlackElo "1794"]
[PlyCount "173"]
[EventDate "2019.10.26"]
[EventType "team-tourn"]
[EventRounds "11"]
[EventCountry "SVK"]
[SourceTitle "CBM 194 Extra"]
[Source "ChessBase"]
[SourceDate "2020.03.31"]
[SourceVersion "1"]
[SourceVersionDate "2020.03.31"]
[SourceQuality "1"]
[WhiteTeam "Kezmarok"]
[BlackTeam "Margecany"]
[WhiteTeamCountry "SVK"]
[BlackTeamCountry "SVK"]

1. e4 c5 2. c3 d6 3. d4 cxd4 4. cxd4 Nf6 5. Nc3 e6 6. Be3 a6 7. Bd3 Be7 8. f3 b5 9. a3 Bb7 10. Nge2 Nbd7 11. 0-0 Rc8 12. b4 Nb6 13. a4 bxa4 14. Nxa4 Nc4 15. Bxc4 Rxc4 16. Qb3 Rc8 17. Rfc1 0-0 18. Rxc8 Qxc8 19. Nec3 Nd7 20. d5 e5 21. Rc1 Qd8 22. Rc2 f5 23. b5 Bg5 24. Bf2 Bh4 25. exf5 Rxf5 26. Ne4 Bxf2+ 27. Rxf2 Nf6 28. Nac3 Nxe4 29. Nxe4 Qb6 30. Qa3 Bxd5 31. Qxa6 Qxa6 32. bxa6 Rf7 33. Nxd6 Rf6 34. Rd2 Rxd6 35. a7 Ra6 36. Rxd5 Rxa7 37. Rxe5 Kf7 38. Kf2 Kf6 39. Rb5 Ra2+ 40. Kg3 g5 41. h4 gxh4+ 42. Kh3 Kg6 43. Rb4 Kg5 44. Rg4+ Kh5 45. Rxh4+ Kg6 46. Rb4 Ra1 47. Kg4 Rg1 48. g3 h6 49. Rb6+ Kg7 50. Kf4 Rf1 51. g4 Rf2 52. Ke4 Re2+ 53. Kf5 Re7 54. f4 Rf7+ 55. Ke5 Ra7 56. Rd6 Re7+ 57. Re6 Ra7 58. f5 Ra5+ 59. Kf4 Ra4+ 60. Re4 Ra7 61. Rd4 Rb7 62. Ke5 Re7+ 63. Kf4 Ra7 64. Rd6 Ra5 65. Kg3 Ra3+ 66. Kh4 Ra1 67. Rg6+ Kh7 68. Re6 Rh1+ 69. Kg3 Rf1 70. Re7+ Kg8 71. Rb7 Kh8 72. Kg2 Rf4 73. Kg3 Rf1 74. Rb3 Rg1+ 75. Kf4 Kg7 76. Rb4 Rf1+ 77. Ke5 Re1+ 78. Re4 Rf1 79. Ke6 Rf2 80. Ke7 Ra2 81. f6+ Kg6 82. Rf4 Ra7+ 83. Ke6 Ra6+ 84. Ke7 Ra7+ 85. Ke6 Ra6+ 86. Ke7 Ra7+ 87. Ke6 1/2-1/2

[Event "SVK-chT1E 1819"]
[Site "Slovakia"]
[Date "2018.11.25"]
[Round "4.5"]
[White "Lukac, Roman"]
[Black "Tropp, Frantisek"]
[Result "1/2-1/2"]
[WhiteElo "2085"]
[BlackElo "2074"]
[PlyCount "65"]
[EventDate "2018.10.27"]
[EventType "team-tourn"]
[EventRounds "11"]
[EventCountry "SVK"]
[SourceTitle "CBM 188 Extra"]
[Source "ChessBase"]
[SourceDate "2019.02.26"]
[SourceVersion "1"]
[SourceVersionDate "2019.02.26"]
[SourceQuality "1"]
[WhiteTeam "Banska Bystrica Junior"]
[BlackTeam "Liptov Chess School II"]
[WhiteTeamCountry "SVK"]
[BlackTeamCountry "SVK"]

1. e4 c6 2. d4 d5 3. f3 e6 4. Nc3 Nf6 5. e5 Nfd7 6. f4 c5 7. Nf3 Nc6 8. Be3 Qb6 9. Na4 Qa5+ 10. c3 cxd4 11. b4 Qc7 12. Nxd4 Nxd4 13. Bxd4 Be7 14. Bd3 a6 15. 0-0 g6 16. Qe2 Rb8 17. Rae1 b5 18. Nb2 Nb6 19. g4 Nc4 20. f5 a5 21. Qf2 gxf5 22. gxf5 axb4 23. cxb4 Bxb4 24. Re2 Ba5 25. Kh1 Bb6 26. Rg1 Bxd4 27. Qxd4 Qb6 28. Qh4 Ra8 29. Nd1 Ra3 30. Nf2 Qd8 31. Qd4 Qc7 32. Ng4 Bb7 33. fxe6 1/2-1/2

[Event "SVK-chT2C 1819"]
[Site "Slovakia"]
[Date "2018.11.18"]
[Round "4.5"]
[White "Tuzinsky, Michal"]
[Black "Tropp, Frantisek"]
[Result "1/2-1/2"]
[WhiteElo "1937"]
[BlackElo "2088"]
[PlyCount "91"]
[EventDate "2018.10.13"]
[EventType "team-tourn"]
[EventRounds "11"]
[EventCountry "SVK"]
[SourceTitle "CBM 187 Extra"]
[Source "ChessBase"]
[SourceDate "2018.11.04"]
[SourceVersion "1"]
[SourceVersionDate "2018.11.04"]
[SourceQuality "1"]
[WhiteTeam "Ruzomberok Montana"]
[BlackTeam "Liptov Chess School III"]
[WhiteTeamCountry "SVK"]
[BlackTeamCountry "SVK"]

1. e4 e5 2. Nf3 Nc6 3. d4 exd4 4. Nxd4 Nf6 5. Nxc6 bxc6 6. Bd3 d6 7. c3 Be7 8. Nd2 0-0 9. 0-0 Re8 10. Re1 Nd7 11. Nf3 Nc5 12. Bc2 Bg4 13. Be3 Nd7 14. h3 Bxf3 15. Qxf3 Bg5 16. Bb3 Ne5 17. Qh5 Bxe3 18. Rxe3 c5 19. f4 c4 20. Ba4 Nd3 21. Bxe8 Qxe8 22. Qd5 Nxf4 23. Qxc4 Qe7 24. Rf1 Ng6 25. Qd5 Rb8 26. b3 Ne5 27. c4 c6 28. Qd1 c5 29. Rf2 h6 30. Rd2 Rb6 31. Rd5 Qg5 32. Red3 Qf4 33. Rd2 Qg3 34. Kh1 Kh7 35. Rxd6 Rxd6 36. Rxd6 f6 37. Rd5 a6 38. Kg1 Qe3+ 39. Kh1 Qxe4 40. Rxc5 Nd3 41. Qh5 Nxc5 42. Qxc5 Qb1+ 43. Kh2 Qxa2 44. b4 Qd2 45. Qf5+ Kh8 46. Qc8+ 1/2-1/2

[Event "SVK-chT1E 1718"]
[Site "Slovakia"]
[Date "2018.03.10"]
[Round "10.5"]
[White "Miciak, Maros"]
[Black "Tropp, Frantisek"]
[Result "1/2-1/2"]
[WhiteElo "2151"]
[BlackElo "2112"]
[PlyCount "76"]
[EventDate "2017.10.21"]
[EventType "team-tourn"]
[EventRounds "11"]
[EventCountry "SVK"]
[SourceTitle "EXT 2019"]
[Source "ChessBase"]
[SourceDate "2018.10.10"]
[SourceVersion "1"]
[SourceVersionDate "2018.10.10"]
[SourceQuality "1"]
[WhiteTeam "Kysucke Nove Mesto"]
[BlackTeam "Liptov Chess School II"]
[WhiteTeamCountry "SVK"]
[BlackTeamCountry "SVK"]

1. e4 c6 2. d4 d5 3. e5 c5 4. c3 Nc6 5. Be3 cxd4 6. cxd4 Bf5 7. Bb5 e6 8. Nc3 Bb4 9. Nge2 Nge7 10. 0-0 a6 11. Bd3 0-0 12. Ng3 Bxd3 13. Qxd3 Bxc3 14. Qxc3 Rc8 15. Qd2 Nf5 16. Nxf5 exf5 17. Rac1 Qb6 18. Rc5 Ne7 19. Bg5 Ng6 20. Rxd5 Qe6 21. Rd6 Qxa2 22. Rb6 Qd5 23. Rd6 Qb3 24. Rc1 h6 25. Be3 Rcd8 26. Rxd8 Rxd8 27. Qc3 Qd5 28. g3 f4 29. Bxf4 Nxf4 30. gxf4 Qxd4 31. Qc7 Rd7 32. Qc8+ Kh7 33. Rc3 Qd1+ 34. Kg2 Qd5+ 35. Kg3 Qe6 36. Kg2 Qd5+ 37. Kg3 Qe6 38. Kg2 Qd5+ 1/2-1/2

[Event "SVK-chT2C 1718"]
[Site "Slovakia"]
[Date "2018.02.25"]
[Round "9.2"]
[White "Lisko, Frantisek"]
[Black "Tropp, Frantisek"]
[Result "1-0"]
[WhiteElo "2241"]
[BlackElo "2114"]
[PlyCount "77"]
[EventDate "2017.10.28"]
[EventType "team-tourn"]
[EventRounds "11"]
[EventCountry "SVK"]
[SourceTitle "EXT 2019"]
[Source "ChessBase"]
[SourceDate "2018.10.10"]
[SourceVersion "1"]
[SourceVersionDate "2018.10.10"]
[SourceQuality "1"]
[WhiteTeam "Dunajov Inbest II"]
[BlackTeam "Liptov Chess School III"]
[WhiteTeamCountry "SVK"]
[BlackTeamCountry "SVK"]

1. d4 Nf6 2. c4 e6 3. Nc3 Bb4 4. e3 b6 5. Bd3 Bb7 6. Nf3 0-0 7. 0-0 Bxc3 8. bxc3 d6 9. Nd2 Nbd7 10. e4 e5 11. f4 Qe7 12. Qf3 Rae8 13. Re1 c5 14. fxe5 dxe5 15. d5 Rd8 16. Nf1 Ne8 17. Ng3 Nd6 18. Nf5 Nxf5 19. exf5 f6 20. a4 Qd6 21. Ra2 Rf7 22. g4 Nf8 23. h4 Bc8 24. Be4 Kh8 25. Kh1 g6 26. Bh6 Rg7 27. Bxg7+ Kxg7 28. a5 Bb7 29. axb6 axb6 30. Ra7 Rb8 31. g5 Nd7 32. Rg1 fxg5 33. hxg5 b5 34. f6+ Kg8 35. cxb5 Qb6 36. Rga1 c4 37. f7+ Kf8 38. Qh3 Ke7 39. Rxb7 1-0

[Event "SVK-chT2C 1718"]
[Site "Slovakia"]
[Date "2018.01.14"]
[Round "6.4"]
[White "Tropp, Frantisek"]
[Black "Balala, Anton"]
[Result "1/2-1/2"]
[WhiteElo "2114"]
[BlackElo "1776"]
[PlyCount "44"]
[EventDate "2017.10.28"]
[EventType "team-tourn"]
[EventRounds "11"]
[EventCountry "SVK"]
[SourceTitle "EXT 2019"]
[Source "ChessBase"]
[SourceDate "2018.10.10"]
[SourceVersion "1"]
[SourceVersionDate "2018.10.10"]
[SourceQuality "1"]
[WhiteTeam "Liptov Chess School III"]
[BlackTeam "Liptovska Stiavnica"]
[WhiteTeamCountry "SVK"]
[BlackTeamCountry "SVK"]

1. e4 c5 2. c3 d6 3. d4 cxd4 4. cxd4 g6 5. Nc3 Bg7 6. Nf3 Nc6 7. Be2 Nf6 8. h3 0-0 9. 0-0 a6 10. a3 b5 11. b4 Bb7 12. Be3 Rc8 13. Qb3 Qc7 14. Rfc1 Qb8 15. d5 Na7 16. a4 Rxc3 17. Rxc3 Nxe4 18. Rcc1 Bxa1 19. Rxa1 bxa4 20. Rxa4 Nb5 21. Ra5 Nec3 22. Bc4 Qa8 1/2-1/2